Fyzika 1 /

Saved in:
Bibliographic Details
Main Authors: Halliday, David (Author), Resnick, Robert (Author), Walker, Jearl (Author)
Format: Book
Language:Czech
Published: Brno : Vutium, 2013
Edition:2. prepracované vydanie
Tags: Add Tag
No Tags, Be the first to tag this record!

MARC

LEADER 00000nam a22000003a 4500
001 0020087
003 SK-STU
005 20230511105153.8
007 ta
008 161219s ----xo-----e------000-0-----d
020 |a 978-80-214-4123-1 
040 |a STU  |b slo 
041 0 |a cze 
044 |a xr 
080 |a 53.80 
100 1 |a Halliday, David  |4 aut 
245 1 0 |a Fyzika 1 /  |c aut. David Halliday, Robert Resnick, Jearl Walker 
250 |a 2. prepracované vydanie 
260 |a Brno :  |b Vutium,  |c 2013 
300 |a 576 s. 
700 1 |a Resnick, Robert  |4 aut 
700 1 |a Walker, Jearl  |4 aut 
996 |b 284EK89791  |c E* 89791  |l EE36  |s P  |a 0  |w 0020087_0001 
996 |b 284M087989  |c M* 14169/1-1  |l MMST  |s A  |a 24  |w 0020087_0002